| 000 | 01823cam a22003011i 4500 | ||
|---|---|---|---|
| 003 | SA-RiAUC | ||
| 005 | 20241122153041.0 | ||
| 008 | 241121s1983 su g b 000 0 ara c | ||
| 040 |
_aSA-JeALM _bara _cSA-RiAUC _erda |
||
| 082 | 0 | 4 |
_a242 _qSA-RiAUC |
| 090 |
_a242 _bا ب و و |
||
| 100 | 1 |
_aأبو الوليد الباجي، سليمان بن خلف بن سعد، _d403-474 هجري _eمؤلف. |
|
| 245 | 1 | 0 |
_aتحقيق المذهب يتلوها أجوبة العلماء بين مؤيد ومعارض حول دعوى كتابة الرسول صلى الله عليه وسلم لاسمه يوم صلح الحديبية / _cلأبي الوليد سليمان بن خلف الباجي ؛ تحقيق أبو عبد الرحمن بن عقيل الظاهري. |
| 250 | _aالطبعة الأولى. | ||
| 264 | 1 |
_aالرياض : _bدار عالم الكتب، _c1983 |
|
| 300 |
_a380 صفحة ؛ _c25 سم |
||
| 336 |
_aنص _btxt _2rdacontent _3كتاب |
||
| 337 |
_aبدون وسيط _bn _2rdamedia |
||
| 338 |
_aمجلد _bnc _2rdacarrier |
||
| 504 | _aببليوجرافية : صفحة 359-380. | ||
| 600 | 0 | 7 |
_aمحمد (صلى الله عليه وسلم)، _d53 قبل الهجرة-11 هجري _2aucnm |
| 650 | 7 |
_aالسيرة النبوية _2aucsh |
|
| 650 | 7 |
_aصلح الحديبية _2aucsh |
|
| 700 | 1 |
_aالظاهري، أبو عبد الرحمن بن عقيل، _d1357 هجري- _eمحقق. |
|
| 700 | 1 | 2 |
_iتحقيق لـ (عمل) : _aأبو الوليد الباجي، سليمان بن خلف بن سعد، _d403-474 هجري _tتحقيق المذهب يتلوها أجوبة العلماء بين مؤيد ومعارض حول دعوى كتابة الرسول صلى الله عليه وسلم لاسمه يوم صلح الحديبية. |
| 942 |
_2ddc _cBOOK _n0 |
||
| 949 |
_aSA-JeALM _d241121 _umohamedma123 _n1 |
||
| 999 |
_c2634 _d2634 |
||